[Event "Oberliga Bayern 2122"]
[Site "Bayern"]
[Date "2022.05.08"]
[Round "8.3"]
[White "Geisler, Fabian"]
[Black "Loew, Gerald"]
[Result "1/2-1/2"]
[WhiteElo "2232"]
[BlackElo "2137"]
[PlyCount "26"]
[EventDate "2021.10.24"]
[EventType "team-tourn"]
[EventRounds "9"]
[EventCountry "GER"]
[SourceTitle "EXT 2024"]
[Source "ChessBase"]
[SourceDate "2023.10.10"]
[SourceVersion "1"]
[SourceVersionDate "2023.10.10"]
[SourceQuality "1"]
[WhiteTeam "Pang/Rosenheim"]
[BlackTeam "Bindlach Aktionaer"]
[WhiteTeamCountry "GER"]
[BlackTeamCountry "GER"]

1. e4 d5 2. exd5 Nf6 3. d4 Nxd5 4. c4 Nb6 5. Nc3 e5 6. d5 Bb4 7. Qb3 Qe7 8. Be3 0-0 9. a3 Bxc3+ 10. Qxc3 Bf5 11. Nf3 N8d7 12. Rd1 a5 13. Be2 Na4 1/2-1/2

[Event "Oberliga Bayern 2122"]
[Site "Bayern"]
[Date "2022.03.13"]
[Round "6.4"]
[White "Huber, Benedikt"]
[Black "Geisler, Fabian"]
[Result "0-1"]
[WhiteElo "2270"]
[BlackElo "2232"]
[PlyCount "76"]
[EventDate "2021.10.24"]
[EventType "team-tourn"]
[EventRounds "9"]
[EventCountry "GER"]
[SourceTitle "EXT 2024"]
[Source "ChessBase"]
[SourceDate "2023.10.10"]
[SourceVersion "1"]
[SourceVersionDate "2023.10.10"]
[SourceQuality "1"]
[WhiteTeam "Muenchen Suedost"]
[BlackTeam "Pang/Rosenheim"]
[WhiteTeamCountry "GER"]
[BlackTeamCountry "GER"]

1. d4 f5 2. Bg5 g6 3. Nc3 Bg7 4. e3 Nh6 5. Bxh6 Bxh6 6. h4 Nc6 7. f4 e6 8. g4 fxg4 9. Qxg4 d5 10. 0-0-0 e5 11. Qe2 e4 12. Qb5 Bg4 13. Be2 Be6 14. Qxb7 Ne7 15. Qa6 c6 16. Nh3 0-0 17. Nf2 Qc7 18. Kb1 Rab8 19. Bg4 Bf5 20. Rdg1 Bg7 21. h5 Rb6 22. Qe2 c5 23. Qd2 cxd4 24. exd4 Qc4 25. Nfd1 Qxd4 26. Qe1 Qb4 27. hxg6 h6 28. b3 Rc6 29. Bxf5 Rxf5 30. Rh3 Rxf4 31. a3 Qd4 32. Rgh1 Rxg6 33. Rg3 Rxg3 34. Qxg3 Rf3 35. Qb8+ Kh7 36. Qe8 Rxc3 37. Qxe7 Rh3 38. Qxg7+ Kxg7 0-1

[Event "Oberliga Bayern 1819"]
[Site "Bayern"]
[Date "2019.02.24"]
[Round "7.6"]
[White "Monninger, Moritz Franz"]
[Black "Geisler, Fabian"]
[Result "0-1"]
[WhiteElo "2096"]
[BlackElo "2245"]
[PlyCount "97"]
[EventDate "2018.10.21"]
[EventType "team-tourn"]
[EventRounds "9"]
[EventCountry "GER"]
[SourceTitle "EXT 2020"]
[Source "ChessBase"]
[SourceDate "2019.10.17"]
[SourceVersion "1"]
[SourceVersionDate "2019.10.17"]
[SourceQuality "1"]
[WhiteTeam "Herzogenaurach"]
[BlackTeam "Pang/Rosenheim"]
[WhiteTeamCountry "GER"]
[BlackTeamCountry "GER"]

1. d4 f5 2. g3 Nf6 3. Bg2 g6 4. c3 Bg7 5. Nd2 Nc6 6. Nh3 d5 7. Nf3 Ne4 8. Nf4 e6 9. h4 Bf6 10. Nd3 Nd6 11. Bg5 Nf7 12. Bxf6 Qxf6 13. Qb3 0-0 14. 0-0 b6 15. Nfe5 Ncxe5 16. dxe5 Nxe5 17. Bxd5 Rb8 18. Bg2 Nxd3 19. exd3 c5 20. Qa4 Rf7 21. Rfe1 f4 22. Qxf4 Qxf4 23. gxf4 Rxf4 24. Bh3 Kf7 25. Re3 Rxh4 26. Rae1 Rb7 27. Bxe6+ Bxe6 28. Rxe6 Rd7 29. R6e3 Rh5 30. Kg2 Rhd5 31. Rf3+ Kg7 32. Re4 h5 33. Rg3 Rf5 34. Re6 g5 35. d4 cxd4 36. cxd4 Rxd4 37. Re7+ Kg6 38. Rxa7 Rdf4 39. Kf1 Rxf2+ 40. Ke1 Rxb2 41. Ra8 h4 42. Rc3 Kh5 43. Rc4 Rf4 44. Rc3 Kg4 45. Raa3 b5 46. Re3 b4 47. Ra5 h3 48. Ree5 h2 49. Rxg5+ 0-1

[Event "Oberliga Bayern 1718"]
[Site "Bayern"]
[Date "2018.02.25"]
[Round "7.4"]
[White "Geisler, Fabian"]
[Black "Cabarkapa, Novak"]
[Result "0-1"]
[WhiteElo "2258"]
[BlackElo "2438"]
[PlyCount "86"]
[EventDate "2017.10.22"]
[EventType "team-tourn"]
[EventRounds "9"]
[EventCountry "GER"]
[SourceTitle "EXT 2020"]
[Source "ChessBase"]
[SourceDate "2019.10.17"]
[SourceVersion "1"]
[SourceVersionDate "2019.10.17"]
[SourceQuality "1"]
[WhiteTeam "Pang/Rosenheim"]
[BlackTeam "Deggendorf"]
[WhiteTeamCountry "GER"]
[BlackTeamCountry "GER"]

1. e4 e6 2. d4 d5 3. Nc3 dxe4 4. Nxe4 Bd7 5. Nf3 Bc6 6. Bd3 Bxe4 7. Bxe4 c6 8. c4 Nf6 9. Bc2 Bb4+ 10. Bd2 Qa5 11. a3 Bxd2+ 12. Qxd2 Qxd2+ 13. Nxd2 Ke7 14. Ne4 Nxe4 15. Bxe4 f5 16. Bf3 Nd7 17. 0-0-0 Rad8 18. Rhe1 Kf6 19. g4 g5 20. Rd2 h5 21. gxf5 exf5 22. Bd1 g4 23. f3 Rhe8 24. Rf1 Kg5 25. fxg4 hxg4 26. Rdf2 Rf8 27. Rf4 Rf6 28. Bc2 Rdf8 29. Kd2 R8f7 30. c5 Nf8 31. Bb3 Rh7 32. Bc2 Rxh2+ 33. Kc3 Rxc2+ 34. Kxc2 Ne6 35. R4f2 Nxd4+ 36. Kd3 Ne6 37. b4 g3 38. Rg1 Kg4 39. Rc2 Ng5 40. Rc4+ f4 41. Rd4 Rf7 42. Rd8 f3 43. Rd4+ Rf4 0-1

[Event "Oberliga Bayern 0708"]
[Site "Bayern"]
[Date "2008.02.17"]
[Round "6.4"]
[White "Sternheimer, Erhard"]
[Black "Geisler, Fabian"]
[Result "0-1"]
[WhiteElo "2134"]
[BlackElo "2219"]
[PlyCount "44"]
[EventDate "2007.10.21"]
[EventType "team-tourn"]
[EventRounds "9"]
[EventCountry "GER"]
[SourceTitle "EXT 2009"]
[Source "ChessBase"]
[SourceDate "2008.11.26"]
[SourceVersion "1"]
[SourceVersionDate "2008.11.26"]
[SourceQuality "1"]
[WhiteTeam "Koenigshofen"]
[BlackTeam "Pang/Rosenheim"]
[WhiteTeamCountry "GER"]
[BlackTeamCountry "GER"]

1. d4 f5 2. g4 d5 3. Nc3 Nf6 4. Bg2 fxg4 5. Bg5 Nc6 6. Bxf6 exf6 7. Bxd5 Bb4 8. e4 f5 9. Nge2 fxe4 10. Bxe4 0-0 11. Qd3 Kh8 12. 0-0-0 Bf5 13. h3 Bxe4 14. Qxe4 Qg5+ 15. Kb1 Rae8 16. Qxg4 Qxg4 17. hxg4 Rxf2 18. d5 Ne5 19. Rd4 Bd6 20. Re4 Ref8 21. Nd1 Rg2 22. Rh4 Nf3 0-1

[Event "Landesliga Sued 0506"]
[Site "Bayern"]
[Date "2006.01.15"]
[Round "5.2"]
[White "Geisler, Fabian"]
[Black "Bintakies, Michael"]
[Result "0-1"]
[WhiteElo "2254"]
[BlackElo "2193"]
[PlyCount "122"]
[EventDate "2005.10.23"]
[EventType "team-tourn"]
[EventRounds "9"]
[EventCountry "GER"]
[SourceTitle "EXT 2007"]
[Source "ChessBase"]
[SourceDate "2006.11.23"]
[SourceVersion "1"]
[SourceVersionDate "2006.11.23"]
[SourceQuality "1"]
[WhiteTeam "Pang/Rosenheim"]
[BlackTeam "Kriegshaber SK"]
[WhiteTeamCountry "GER"]
[BlackTeamCountry "GER"]

1. e4 c6 2. d4 d5 3. e5 c5 4. dxc5 e6 5. Be3 Nh6 6. f4 Nd7 7. Nd2 Nf5 8. Bf2 Bxc5 9. Bxc5 Nxc5 10. Qf3 Qa5 11. c3 Qb6 12. g4 Nh4 13. Qg3 Qxb2 14. Rb1 Qxd2+ 15. Kxd2 Ne4+ 16. Ke3 Nxg3 17. hxg3 Ng6 18. Bb5+ Kf8 19. Bd3 Ne7 20. Nf3 g6 21. Rh6 Kg7 22. Rbh1 Ng8 23. R6h2 Bd7 24. Nd4 Ne7 25. g5 Rac8 26. Kd2 Rc5 27. Nb3 Rc7 28. Nd4 a6 29. Rh6 Ba4 30. R1h2 Nc6 31. Nxc6 Bxc6 32. Ke3 Bd7 33. Kd4 Ba4 34. R6h4 Bd1 35. Rh1 Ba4 36. R1h2 Bb5 37. Bxb5 axb5 38. Rh6 Rc4+ 39. Kd3 b4 40. cxb4 Rxb4 41. Kc3 Rb1 42. Kd3 b5 43. Kd4 b4 44. Kc5 b3 45. axb3 Rxb3 46. R6h3 Rc8+ 47. Kd6 Rh8 48. Kc5 Rc3+ 49. Kd6 d4 50. g4 Rxh3 51. Rxh3 Rc8 52. Rd3 Rc3 53. Rxd4 Rg3 54. Ke7 Rxg4 55. Rc4 Rh4 56. Rd4 h5 57. gxh6+ Rxh6 58. Rd8 Rh5 59. Rd4 Rf5 60. Ke8 g5 61. fxg5 Rxe5 0-1

[Event "BL2-Sued 0304"]
[Site "Germany"]
[Date "2004.??.??"]
[Round "?.6"]
[White "Geisler, Fabian"]
[Black "Remmler, Hans Peter"]
[Result "1/2-1/2"]
[WhiteElo "2275"]
[BlackElo "2240"]
[PlyCount "35"]
[EventDate "2003.10.??"]
[EventType "team-tourn"]
[EventRounds "9"]
[EventCountry "GER"]
[SourceTitle "CBM 100 Extra"]
[Source "ChessBase"]
[SourceDate "2004.07.06"]
[SourceVersion "2"]
[SourceVersionDate "2004.07.06"]
[SourceQuality "1"]
[WhiteTeam "Pang/Rosenheim"]
[BlackTeam "Boeblingen"]
[WhiteTeamCountry "GER"]
[BlackTeamCountry "GER"]

1. e4 e5 2. Nf3 Nf6 3. Nxe5 d6 4. Nf3 Nxe4 5. Nc3 Nxc3 6. dxc3 Be7 7. Bf4 0-0 8. Qd2 Nd7 9. 0-0-0 Nc5 10. Nd4 Re8 11. f3 Ne6 12. Be3 Bg5 13. Nxe6 Bxe3 14. Qxe3 Rxe6 15. Qf4 Bd7 16. Bc4 Qf6 17. Qxf6 Rxf6 18. Rhe1 1/2-1/2

[Event "BL2-Sued 0203"]
[Site "Germany"]
[Date "2003.02.09"]
[Round "6.4"]
[White "Roos, Jean Luc"]
[Black "Geisler, Fabian"]
[Result "0-1"]
[WhiteElo "2307"]
[BlackElo "2273"]
[PlyCount "68"]
[EventDate "2002.10.20"]
[EventType "team-tourn"]
[EventRounds "9"]
[EventCountry "GER"]
[SourceTitle "EXT 2004"]
[Source "ChessBase"]
[SourceDate "2003.11.25"]
[SourceVersion "1"]
[SourceVersionDate "2003.11.25"]
[SourceQuality "1"]
[WhiteTeam "Heidelberg Handschuhsheim"]
[BlackTeam "Pang/Rosenheim"]
[WhiteTeamCountry "GER"]
[BlackTeamCountry "GER"]

1. e4 c5 2. Nf3 Nc6 3. d4 cxd4 4. Nxd4 Nf6 5. Nc3 e6 6. Ndb5 d6 7. Bf4 e5 8. Bg5 a6 9. Bxf6 gxf6 10. Na3 b5 11. Nd5 Bg7 12. Bd3 Ne7 13. 0-0 Nxd5 14. exd5 f5 15. c3 0-0 16. Nc2 e4 17. Be2 f4 18. Kh1 Be5 19. f3 e3 20. a4 bxa4 21. Rxa4 Kh8 22. Nb4 Rg8 23. Bxa6 Qg5 24. Qe2 Bd7 25. Nc6 Bf5 26. Nb4 Rg6 27. Bb5 Rxa4 28. Bxa4 Rh6 29. Qe1 Qh5 30. h4 Qg5 31. Bc2 Rxh4+ 32. Kg1 Bxc2 33. Nxc2 Qh6 34. Nxe3 fxe3 0-1

[Event "BL2-Sued 0304"]
[Site "Germany"]
[Date "2003.??.??"]
[Round "?.5"]
[White "Balzar, Andreas"]
[Black "Geisler, Fabian"]
[Result "1-0"]
[WhiteElo "2360"]
[BlackElo "2275"]
[PlyCount "77"]
[EventDate "2003.10.??"]
[EventType "team-tourn"]
[EventRounds "9"]
[EventCountry "GER"]
[SourceTitle "CBM 100 Extra"]
[Source "ChessBase"]
[SourceDate "2004.07.06"]
[SourceVersion "2"]
[SourceVersionDate "2004.07.06"]
[SourceQuality "1"]
[WhiteTeam "Eppingen"]
[BlackTeam "Pang/Rosenheim"]
[WhiteTeamCountry "GER"]
[BlackTeamCountry "GER"]

1. e4 c5 2. Nf3 Nc6 3. d4 cxd4 4. Nxd4 Nf6 5. Nc3 e6 6. Ndb5 d6 7. Bf4 e5 8. Bg5 a6 9. Na3 b5 10. Nd5 Be7 11. Nxe7 Nxe7 12. Bxf6 gxf6 13. c4 Bb7 14. cxb5 Bxe4 15. bxa6 d5 16. Bb5+ Kf8 17. 0-0 Rg8 18. f3 Bf5 19. Kh1 Qb6 20. Qd2 Kg7 21. b4 Bc8 22. Bd3 Bxa6 23. b5 Bb7 24. Nc2 Ra4 25. Ne3 Bc8 26. Bc2 Rd4 27. Qe2 Ng6 28. a4 Nf4 29. Qe1 Kh8 30. Rb1 Qc5 31. Qh4 Kg7 32. Qxh7+ Kf8 33. Rbc1 Be6 34. Bf5 Qd6 35. Bxe6 Qxe6 36. Rc6 Qd7 37. Nf5 Nxg2 38. Nxd4 exd4 39. Qh6+ 1-0

[Event "BL2-Sued 0304"]
[Site "Germany"]
[Date "2003.??.??"]
[Round "?.4"]
[White "Wippermann, Till"]
[Black "Geisler, Fabian"]
[Result "1-0"]
[WhiteElo "2370"]
[BlackElo "2275"]
[PlyCount "115"]
[EventDate "2003.10.??"]
[EventType "team-tourn"]
[EventRounds "9"]
[EventCountry "GER"]
[SourceTitle "CBM 100 Extra"]
[Source "ChessBase"]
[SourceDate "2004.07.06"]
[SourceVersion "2"]
[SourceVersionDate "2004.07.06"]
[SourceQuality "1"]
[WhiteTeam "Kirchheim"]
[BlackTeam "Pang/Rosenheim"]
[WhiteTeamCountry "GER"]
[BlackTeamCountry "GER"]

1. e4 c5 2. Nc3 Nc6 3. f4 g6 4. Nf3 Bg7 5. Bb5 Nd4 6. 0-0 Nxb5 7. Nxb5 d5 8. exd5 a6 9. Nc3 Nf6 10. d4 Nxd5 11. dxc5 Nxc3 12. Qxd8+ Kxd8 13. bxc3 Bxc3 14. Rb1 Kc7 15. Rb3 Bf6 16. Bd2 Be6 17. Ba5+ Kc6 18. Rb6+ Kxc5 19. Nd2 Bd5 20. c4 Bc6 21. Nb3+ Kd6 22. Rd1+ Kc7 23. Rxa6+ Kb8 24. Rxa8+ Kxa8 25. Bb6 e5 26. Na5 exf4 27. Nxc6 bxc6 28. Rd7 Re8 29. Rxf7 Bh4 30. Rxf4 Re1+ 31. Rf1 Re2 32. a4 Rc2 33. Rf8+ Kb7 34. c5 Rc1+ 35. Rf1 Rxf1+ 36. Kxf1 Bf6 37. Ke2 Be5 38. h3 Ka6 39. Ke3 Bg3 40. Bd8 Bb8 41. Ke4 Bg3 42. Kd4 Bf4 43. Bb6 Bg3 44. Ke4 Bb8 45. Kf3 Be5 46. Kg4 h6 47. h4 Kb7 48. h5 gxh5+ 49. Kxh5 Bf4 50. g4 Bd2 51. Kg6 Be3 52. Kf6 Bf4 53. Ke6 Be3 54. Kd7 Bf4 55. a5 Bd2 56. a6+ Kxa6 57. Kxc6 Be3 58. Bd8 1-0

[Event "BL2-Sued 0203"]
[Site "Germany"]
[Date "2002.12.15"]
[Round "3.6"]
[White "Geisler, Fabian"]
[Black "Link, Ulrich"]
[Result "1/2-1/2"]
[WhiteElo "2273"]
[BlackElo "2141"]
[PlyCount "37"]
[EventDate "2002.10.20"]
[EventType "team-tourn"]
[EventRounds "9"]
[EventCountry "GER"]
[SourceTitle "EXT 2004"]
[Source "ChessBase"]
[SourceDate "2003.11.25"]
[SourceVersion "1"]
[SourceVersionDate "2003.11.25"]
[SourceQuality "1"]
[WhiteTeam "Pang/Rosenheim"]
[BlackTeam "Krumbach"]
[WhiteTeamCountry "GER"]
[BlackTeamCountry "GER"]

1. e4 e5 2. Nf3 Nc6 3. Bb5 a6 4. Ba4 d6 5. Bxc6+ bxc6 6. d4 f6 7. Nc3 Ne7 8. Be3 Ng6 9. h4 h5 10. Qd3 Bd7 11. 0-0-0 Be7 12. Qc4 Qc8 13. dxe5 fxe5 14. Ng5 Bxg5 15. Bxg5 Rb8 16. Rd3 Qb7 17. Nd1 Qb5 18. Rc3 Qxc4 19. Rxc4 1/2-1/2

[Event "BL2-Sued 0203"]
[Site "Germany"]
[Date "2002.10.20"]
[Round "1.5"]
[White "Geisler, Fabian"]
[Black "Becking, Stephan"]
[Result "0-1"]
[WhiteElo "2273"]
[BlackElo "2315"]
[PlyCount "80"]
[EventDate "2002.10.20"]
[EventType "team-tourn"]
[EventRounds "9"]
[EventCountry "GER"]
[SourceTitle "EXT 2004"]
[Source "ChessBase"]
[SourceDate "2003.11.25"]
[SourceVersion "1"]
[SourceVersionDate "2003.11.25"]
[SourceQuality "1"]
[WhiteTeam "Pang/Rosenheim"]
[BlackTeam "St Ingbert"]
[WhiteTeamCountry "GER"]
[BlackTeamCountry "GER"]

1. e4 e5 2. Nf3 Nc6 3. Bb5 a6 4. Ba4 Nf6 5. 0-0 Be7 6. Bxc6 dxc6 7. Qe1 Nd7 8. b3 c5 9. Bb2 Bd6 10. d3 Qe7 11. Nc3 Nf6 12. Nd2 0-0 13. a4 Bd7 14. Nc4 b5 15. Ne3 c6 16. Qe2 Be6 17. Nb1 Bc7 18. Nd2 g6 19. Kh1 Nh5 20. g3 Bh3 21. Rg1 Bd7 22. Ng2 f6 23. Qe3 Ng7 24. f4 Ne6 25. fxe5 fxe5 26. Rgf1 Nd4 27. Bxd4 cxd4 28. Rxf8+ Rxf8 29. Qe2 Qg5 30. Rf1 Rxf1+ 31. Nxf1 bxa4 32. bxa4 c5 33. h4 Qg4 34. Qd2 Bxa4 35. c3 Qd1 36. Qa2+ Bb3 37. Qxa6 Qxf1+ 38. Kh2 Qf7 39. cxd4 cxd4 40. Qc8+ Kg7 0-1

[Event "Oberliga Bayern 0102"]
[Site "Bayern"]
[Date "2002.03.17"]
[Round "7.3"]
[White "Geisler, Fabian"]
[Black "Werner, Claus"]
[Result "1/2-1/2"]
[WhiteElo "2255"]
[BlackElo "2175"]
[PlyCount "86"]
[EventDate "2001.10.07"]
[EventType "team"]
[EventRounds "9"]
[EventCountry "GER"]
[SourceTitle "EXT 2003"]
[Source "ChessBase"]
[SourceDate "2002.11.25"]
[SourceVersion "1"]
[SourceVersionDate "2002.11.25"]
[SourceQuality "1"]
[WhiteTeam "Rosenheim Pang"]
[BlackTeam "Neutraubling"]
[WhiteTeamCountry "GER"]
[BlackTeamCountry "GER"]

1. e4 c5 2. Ne2 d6 3. d4 cxd4 4. Nxd4 Nf6 5. Nc3 Nc6 6. Be2 e5 7. Nf3 h6 8. 0-0 Be7 9. Re1 0-0 10. h3 Be6 11. Bf1 Re8 12. Nd5 Bxd5 13. exd5 Nb4 14. c4 a5 15. a3 Na6 16. Rb1 Qd7 17. b4 axb4 18. axb4 b5 19. Qb3 Reb8 20. c5 dxc5 21. Nxe5 Qxd5 22. Qxd5 Nxd5 23. Nc6 Rb7 24. Nxe7+ Rxe7 25. Rxe7 Nxe7 26. bxc5 Nd5 27. Rxb5 Re8 28. Bd2 Nac7 29. Rb1 Ne6 30. Rc1 Rc8 31. c6 Ne7 32. Bb5 Nd4 33. Ba6 Rxc6 34. Rxc6 Nexc6 35. Bf1 Ne6 36. g3 Ne5 37. Kg2 Kf8 38. Be3 Ng6 39. h4 Ne7 40. Bb5 Nd5 41. Bd2 h5 42. Bc4 Nb6 43. Bb3 Kg8 1/2-1/2

[Event "Oberliga Bayern 0001"]
[Site "Bayern"]
[Date "2001.03.11"]
[Round "7"]
[White "Bintakies, Michael"]
[Black "Geisler, Fabian"]
[Result "1/2-1/2"]
[WhiteElo "2165"]
[BlackElo "2250"]
[PlyCount "58"]
[EventDate "2000.10.15"]
[EventType "team-tourn"]
[EventRounds "9"]
[EventCountry "GER"]
[SourceTitle "EXT 2020"]
[Source "ChessBase"]
[SourceDate "2019.10.17"]
[SourceVersion "1"]
[SourceVersionDate "2019.10.17"]
[SourceQuality "1"]
[WhiteTeam "Haunstetten TSV"]
[BlackTeam "Pang/Rosenheim"]
[WhiteTeamCountry "GER"]
[BlackTeamCountry "GER"]

1. d4 f5 2. g3 Nf6 3. Bg2 g6 4. Nd2 Bg7 5. e4 fxe4 6. Nxe4 Nxe4 7. Bxe4 0-0 8. c3 d5 9. Bg2 Nc6 10. Qb3 e5 11. Qxd5+ Qxd5 12. Bxd5+ Kh8 13. Bxc6 bxc6 14. dxe5 Bxe5 15. Be3 Rb8 16. 0-0-0 Be6 17. a3 Bd5 18. f3 a5 19. Bc5 Rfe8 20. Rd3 Bg7 21. Nh3 Re2 22. b4 axb4 23. Bxb4 Rbe8 24. Nf4 Bh6 25. Kb1 Bxf4 26. gxf4 Be6 27. Rdd1 Bf5+ 28. Ka1 Rf2 29. Rdf1 Rfe2 1/2-1/2

[Event "Oberliga Bayern 9900"]
[Site "Bayern"]
[Date "2000.01.30"]
[Round "5.5"]
[White "Lentrodt, Thomas"]
[Black "Geisler, Fabian"]
[Result "1-0"]
[WhiteElo "2200"]
[BlackElo "2280"]
[PlyCount "127"]
[EventDate "1999.10.10"]
[EventType "team-tourn"]
[EventRounds "9"]
[EventCountry "GER"]
[SourceTitle "EXT 2020"]
[Source "ChessBase"]
[SourceDate "2019.10.17"]
[SourceVersion "1"]
[SourceVersionDate "2019.10.17"]
[SourceQuality "1"]
[WhiteTeam "Muenchen FC Bayern"]
[BlackTeam "Pang/Rosenheim"]
[WhiteTeamCountry "GER"]
[BlackTeamCountry "GER"]

1. d4 f5 2. c4 Nf6 3. Nf3 g6 4. Nc3 Bg7 5. g3 0-0 6. Bg2 d6 7. 0-0 Nc6 8. d5 Ne5 9. Nxe5 dxe5 10. Qb3 h6 11. c5 Kh8 12. Bd2 g5 13. Rfd1 a6 14. Na4 Rb8 15. Ba5 Bd7 16. d6 exd6 17. cxd6 Bxa4 18. Qxa4 b6 19. dxc7 Qxc7 20. Rac1 Qa7 21. Bb4 Rf7 22. Bd6 Re8 23. Bc6 b5 24. Qb3 Rd8 25. Bxe5 Rxd1+ 26. Rxd1 Ng4 27. Bxg7+ Kxg7 28. Qc3+ Nf6 29. Rd3 Kg6 30. Rd6 Qe7 31. Qd3 Qe5 32. e3 Kg7 33. Qd4 Qxd4 34. exd4 f4 35. f3 Re7 36. Kf2 Re3 37. gxf4 gxf4 38. Bb7 Rd3 39. Ke2 Re3+ 40. Kd2 a5 41. Ra6 Ne8 42. Be4 h5 43. Re6 Nf6 44. Re5 Nxe4+ 45. fxe4 b4 46. d5 Rh3 47. Rg5+ Kf6 48. Rf5+ Ke7 49. e5 Rxh2+ 50. Kd3 Rxb2 51. Rxh5 Rxa2 52. Rh7+ Ke8 53. d6 Ra1 54. d7+ Kd8 55. e6 Rd1+ 56. Kc2 Rd6 57. Rh8+ Ke7 58. Re8+ Kf6 59. d8Q+ Rxd8 60. Rxd8 Kxe6 61. Ra8 b3+ 62. Kxb3 Ke5 63. Kc3 Ke4 64. Kd2 1-0

[Event "Oberliga Bayern 9899"]
[Site "Bayern"]
[Date "1998.10.25"]
[Round "2.4"]
[White "Geisler, Fabian"]
[Black "Frobenius, Wolfram"]
[Result "1-0"]
[WhiteElo "2265"]
[BlackElo "2130"]
[PlyCount "57"]
[EventDate "1998.10.11"]
[EventType "team-tourn"]
[EventRounds "9"]
[EventCountry "GER"]
[SourceTitle "EXT 2020"]
[Source "ChessBase"]
[SourceDate "2019.10.17"]
[SourceVersion "1"]
[SourceVersionDate "2019.10.17"]
[SourceQuality "1"]
[WhiteTeam "Pang/Rosenheim"]
[BlackTeam "Marktheidenfeld"]
[WhiteTeamCountry "GER"]
[BlackTeamCountry "GER"]

1. e4 e5 2. Nf3 Nc6 3. Bb5 a6 4. Ba4 Nf6 5. 0-0 Be7 6. Bxc6 dxc6 7. Qe1 Be6 8. b3 Nd7 9. Bb2 f6 10. d4 exd4 11. Nxd4 Bf7 12. Nf5 0-0 13. Nd2 Re8 14. f3 Bf8 15. Rd1 Qc8 16. Qg3 Bg6 17. Nh4 Bf7 18. f4 Bh5 19. Rde1 Qd8 20. e5 fxe5 21. fxe5 Re6 22. Ne4 h6 23. Rf5 Qe8 24. Ref1 Bc5+ 25. Kh1 Kh8 26. Nf6 gxf6 27. exf6 Qf7 28. Rxh5 Kh7 29. Qd3+ 1-0

[Event "Oberliga Bayern 9697"]
[Site "Bayern"]
[Date "1997.??.??"]
[Round "?"]
[White "Geisler, Fabian"]
[Black "Golda, Harald"]
[Result "0-1"]
[WhiteElo "2335"]
[BlackElo "2330"]
[PlyCount "84"]
[EventDate "1996.10.13"]
[EventType "team-tourn"]
[EventRounds "9"]
[EventCountry "GER"]
[SourceTitle "EXT 2020"]
[Source "ChessBase"]
[SourceDate "2019.10.17"]
[SourceVersion "1"]
[SourceVersionDate "2019.10.17"]
[SourceQuality "1"]
[WhiteTeam "Pang/Rosenheim"]
[BlackTeam "Kitzingen SC"]
[WhiteTeamCountry "GER"]
[BlackTeamCountry "GER"]

1. e4 c5 2. Ne2 d6 3. d4 cxd4 4. Nxd4 Nf6 5. Nc3 Nc6 6. Be2 g6 7. Nb3 Bg7 8. 0-0 0-0 9. Re1 Be6 10. Bf1 Re8 11. Nd5 Ne5 12. Bg5 Nxd5 13. exd5 Bg4 14. Qd2 Rc8 15. Rac1 Qd7 16. h3 Bf5 17. c4 Qa4 18. Nd4 Bd7 19. b3 Qa3 20. f4 Qc5 21. fxe5 dxe5 22. b4 Qxd4+ 23. Qxd4 exd4 24. Rxe7 Rxe7 25. Bxe7 Bh6 26. Re1 Bd2 27. Rb1 Bf5 28. Rb3 Be3+ 29. Kh2 a6 30. d6 Be6 31. g3 f5 32. Bd3 Kf7 33. c5 Bxb3 34. axb3 Ke6 35. Kg2 Bd2 36. b5 axb5 37. Bxb5 Rxc5 38. Bc4+ Rxc4 39. bxc4 Bb4 40. Kf3 Bxd6 41. Bd8 Be5 42. g4 Kd7 0-1

[Event "Oberliga Bayern 9697"]
[Site "Bayern"]
[Date "1997.??.??"]
[Round "?"]
[White "Mueller, Werner7777"]
[Black "Geisler, Fabian"]
[Result "1/2-1/2"]
[WhiteElo "2300"]
[BlackElo "2335"]
[PlyCount "102"]
[EventDate "1996.10.13"]
[EventType "team-tourn"]
[EventRounds "9"]
[EventCountry "GER"]
[SourceTitle "EXT 2020"]
[Source "ChessBase"]
[SourceDate "2019.10.17"]
[SourceVersion "1"]
[SourceVersionDate "2019.10.17"]
[SourceQuality "1"]
[WhiteTeam "Goeggingen"]
[BlackTeam "Pang/Rosenheim"]
[WhiteTeamCountry "GER"]
[BlackTeamCountry "GER"]

1. e4 c5 2. Nf3 Nc6 3. d4 cxd4 4. Nxd4 Nf6 5. Nc3 e6 6. Ndb5 d6 7. Bf4 e5 8. Bg5 a6 9. Na3 b5 10. Nd5 Be7 11. Bxf6 Bxf6 12. c3 Rb8 13. Nc2 Bg5 14. g3 Be6 15. Nce3 0-0 16. Bg2 a5 17. Qd3 Qd7 18. 0-0 Bxe3 19. Nxe3 Ne7 20. Rfd1 Rfd8 21. a3 Bb3 22. Rd2 Qc7 23. Bf3 Be6 24. h4 Rb6 25. h5 h6 26. Qe2 b4 27. cxb4 axb4 28. a4 Nc6 29. Qd3 Nd4 30. Bd1 Rc6 31. Kg2 Rc5 32. f4 f6 33. Bg4 Bf7 34. Rf1 Qc6 35. Nf5 Nxf5 36. Bxf5 Qxa4 37. fxe5 Rxe5 38. Qd4 Qb5 39. g4 Rc5 40. Rfd1 b3 41. Kg3 Rc4 42. Qa7 Qe5+ 43. Kh3 Rc2 44. Qb6 Re8 45. Qxd6 Qxb2 46. Bg6 Bxg6 47. hxg6 Rxd2 48. Rxd2 Qe5 49. Qb4 h5 50. Qxb3+ Kh8 51. Qd5 hxg4+ 1/2-1/2

[Event "Oberliga Bayern 9798"]
[Site "Bayern"]
[Date "1997.??.??"]
[Round "?.4"]
[White "Zahn, Wolfgang"]
[Black "Geisler, Fabian"]
[Result "1/2-1/2"]
[WhiteElo "2245"]
[BlackElo "2245"]
[PlyCount "39"]
[EventDate "1997.10.??"]
[EventType "team-tourn"]
[EventRounds "9"]
[EventCountry "GER"]
[SourceTitle "EXT 2020"]
[Source "ChessBase"]
[SourceDate "2019.10.17"]
[SourceVersion "1"]
[SourceVersionDate "2019.10.17"]
[SourceQuality "1"]
[WhiteTeam "Pasing"]
[BlackTeam "Pang/Rosenheim"]
[WhiteTeamCountry "GER"]
[BlackTeamCountry "GER"]

1. e4 c5 2. Nf3 Nc6 3. c4 e5 4. Nc3 d6 5. d3 g6 6. Nd5 Bg7 7. a3 h6 8. b4 Nge7 9. bxc5 dxc5 10. Be3 b6 11. Qc1 f5 12. g3 g5 13. Bd2 0-0 14. Be2 fxe4 15. dxe4 Bh3 16. Rg1 Be6 17. h4 g4 18. Nh2 h5 19. Bh6 Ng6 20. Bg5 1/2-1/2